000 00915naa a22002537a 4500
001 BR9401662
003 BR-BrBNA
005 20240918180956.0
007 ta
008 230509b bl.||||| |||| 00| 0 por d
040 _aBR-BrBNA
_bpor
_cBiblioteca Nacional de Agricultura
041 _a(Pt)
072 _aP10
090 _aP10 BR9401662
100 1 _aCynamon, S.E.
111 1 _a1. Congresso Brasileiro de Saude e Meio Ambiente
_cRio de Janeiro, RJ (Brazil)
_d5-9 Nov 1991
245 1 _aTratamento d'agua
260 3 _aRio de Janeiro, RJ (Brasil):
_c1991.
500 _a1. Congresso Brasileiro de Saude e Meio Ambiente Rio de Janeiro, RJ (Brasil): 1991. p. 47-48 (BR9401662-AM)P10
650 _aTratamento da Agua
773 0 _t1. Congresso Brasileiro de Saude e Meio Ambiente
_wP10 BR9401662
_gRio de Janeiro, RJ (Brasil), 1991. p. 47-48
909 _a202404
_bLucia
_c55
_dLucia Elande
942 _cAM
_2AGRIS
999 _c322956
_d322956